000
00388nam a2200133Ia 4500
008
151001s9999||||xx |||||||||||||| ||und||
100
_a
मान चंद खंडेला
245
_a
अमेरिकी आतंक और विश्व समुदाय
250
_a
1
260
_b
अविष्कार
260
_c
2004
300
_a
184
365
_b
21
999
_c
983345
_d
983342